| 000 | 00565nam a22001577a 4500 | ||
|---|---|---|---|
| 003 | NUST | ||
| 082 | _a621 | ||
| 100 |
_a Ammar Ali ,Muhammad _9122340 |
||
| 245 |
_aComputational Analysis of Heat Transfer and Pressure Drop in Helically Micro Finned Tubes / _cMuhammad Ammar Ali |
||
| 264 |
_aIslamabad: _bSMME- NUST. _c2020. |
||
| 300 |
_a47p. ; _bSoft Copy, _c30cm. |
||
| 650 |
_aMS Mechanical Engineering _9119495 |
||
| 700 |
_aSupervisor : Dr. Muhammad Sajid _9119652 |
||
| 856 | _uhttp://10.250.8.41:8080/xmlui/handle/123456789/25190 | ||
| 942 |
_2ddc _cTHE |
||
| 999 |
_c608843 _d608843 |
||